Serial killers et criminels - Statistiques

Statistiques générales
  • Ce quiz a été pris 26 fois
    3 depuis la dernière actualisation
  • Le résultat moyen est 13 sur 22
Statistiques - réponses
Indices Réponses % Correct
Ancien de l'OAS devenu photographe, pour changer de vie il monte en juillet 1976 le "casse du siècle" : le cambriolage d'une banque de Nice en passant par les égouts. Il meurt en Italie d'un cancer le 8 juin 1989. Albert Spaggiari
100%
Célèbre tueur en série et criminel français. Il fut surnommé « le Barbe-Bleue de Gambais ». Il est accusé du meurtre de onze personnes. Charlie Chaplin s'inspire de l'affaire pour composer le personnage principal de son film Monsieur Verdoux (1948). Henri Désiré Landru
100%
Le premier serial killer à défrayer la chronique, auteur d'au moins cinq meurtres de prostituées à Londres en 1888. Jack l'Éventreur
100%
Criminel français ayant opéré principalement en France et surnommé « l'homme aux mille visages » ou, à tort selon lui, « le Robin des Bois français ». Déclaré « ennemi public numéro un » au début des années 1970, il est notamment connu pour ses vols à main armée, enlèvements, évasions et pour son fort charisme médiatique. Il est l'objet d'un film avec Vincent Cassel. Jacques Mesrine
100%
Surnom du malfaiteur Pierre Loutrel, qui s’est illustré au début du XXe siècle. Membre emblématique du gang des « Tractions Avant » il est surtout réputé pour avoir été le premier homme à être désigné par l’État français comme « ennemi public n°1 ». Il s’enrichit en commettant vols et racket. Régulièrement ivre, l’homme s’illustre ainsi par un comportement brutal et des exécutions sommaires qui lui valent son surnom aux yeux des Allemands. Pierrot le Fou
100%
L'assassinat de Sharon Tate a été commandité par ce gourou psychopathe américain le soir du 9 août 1969 à Los Angeles. Charles Manson
50%
Tueur en série américain accusé de 10 meurtres dont celui de sa propre mère. Personnage impressionnant par sa taille (2,06 m), son poids (136 kg) et son QI de 143, il a commencé sa série de meurtres avec celui de ses grands-parents à l'âge de quinze ans et demi. Edmund Kemper
50%
Criminel, terroriste et militant anarchiste et illégaliste français principalement connu pour son activisme terroriste, son impact, les mythes développés autour de sa figure, ainsi que son influence sur le mouvement anarchiste en France. François Ravachol
50%
De son nom de naissance Guy Rampillon et d’origine afro-américaine par son père, c'est un tueur en série et un violeur en série français actif pendant les années 1980-1990. Il est condamné le 5 avril 2001, pour sept meurtres, à la réclusion criminelle à perpétuité. Guy Georges
50%
L'assassin de Martin Luther King le 4 avril 1968 à Memphis. Il a été condamné à 99 ans de prison. James Earl Ray
50%
Surnommé « le cannibale de Milwaukee », c'est un tueur en série américain qui a avoué avoir assassiné dix-sept jeunes hommes entre 1978 et 1991, pour la plupart homosexuels et/ou issus de la communauté afro-américaine. Ces meurtres étaient associés à des viols, des démembrements, de la nécrophilie et du cannibalisme. Jeffrey Dahmer
50%
L'assassin de John Fitzgerald Kennedy le 22 novembre 1963 à Dallas. Lee Harvey Oswald
50%
Groupe de hors-la-loi qui a sévi dans l'Ouest américain de 1890 à 1892, attaquant principalement des banques et des trains. La bande est formée autour de quatre frères. Ils sont particulièrement connus à travers la bande dessinée Lucky Luke de Morris et Goscinny. Les frères Dalton
50%
Pseudonyme d'un tueur en série non identifié à qui sont attribués de façon certaine cinq meurtres, deux tentatives de meurtre et un enlèvement dans la Baie de San Francisco entre décembre 1968 et octobre 1969 ainsi que de nombreux meurtres entre 1966 et 1978. Il est l'inspiration pour Scorpion dans L'Inspecteur Harry et pour un film réalisé par David Fincher. Le Tueur du Zodiaque
50%
Criminelle américaine, à la tête d'un gang composé de ses fils et spécialisé dans le rapt, le vol de banque et la grande criminalité. Elle a inspiré une chanson au groupe Boney M et un personnage des albums de Lucky Luke. Ma Barker
50%
Criminel belge condamné à la prison à perpétuité pour de nombreux assassinats, viols sur mineurs, de séquestrations, d'association de malfaiteurs et de trafic de drogue. Marc Dutroux
50%
Surnommée « l'empoisonneuse de Loudun », elle a été soupçonnée d'être une tueuse en série inculpée pour le meurtre par empoisonnement de douze personnes, dont son propre mari. Marie Besnard
50%
Violeur, pédocriminel et tueur en série français auteur de crimes commis principalement sur des jeunes filles en France et en Belgique. Michel Fourniret
50%
Le 31 juillet 1914, cet étudiant nationaliste assassine Jean Jaurès au café du Croissant. Ce meurtre met fin aux derniers espoirs de paix. Raoul Villain
50%
L'assassin de Robert Kennedy le 5 juin 1968 à Los Angeles. C'est un arabe chrétien originaire de Jérusalem, qui l'aurait tué pour se venger du soutien que le sénateur manifestait en faveur d'Israël. Sirhan Sirhan
50%
Faux-monnayeur français d'origine polonaise. Il devient célèbre dans les années 1960 pour avoir contrefait des billets de banque de 100 nouveaux francs Bonaparte avec une extrême fidélité, ce qui lui vaut qu’en cette occasion le Parisien le surnomme le « Cézanne de la fausse monnaie ». Ceslaw Jan Bojarski
0%
L'assassin de John Lennon le soir du 8 décembre 1980 à New York. Mark David Chapman
0%
Aucun quiz correspondant
Distribution des résultats
% des personnes avec chaque résultat
Percentile par nombre de réponses
Votre historique - résultats
Vous n’avez pas pris ce quiz depuis la dernière actualisation